Les titres des dirigeants du monde - Statistiques

Statistiques générales
  • Ce quiz a été pris 47 fois
  • Le résultat moyen est 96 sur 191
Statistiques - réponses
Pays Chef d'Etat Chef du gouvernement OU numéro 2 Réponse % Correct
Biélorussie Premier ministre Président
98%
Emirats Arabes Unis Premier ministre Président
98%
Etats-Unis Vice-Président Président
98%
Géorgie Premier ministre Président
98%
Islande Premier ministre Président
98%
Israël Premier ministre Président
98%
Niger Premier ministre Président
98%
Panama Premier ministre Président
98%
Roumanie Premier ministre Président
98%
Russie Premier ministre Président
98%
Tadjikistan Premier ministre Président
98%
Turkménistan sans Président
98%
Ukraine Premier ministre Président
98%
Yémen Premier ministre Président
98%
Zimbabwe 1er Vice-Président de la République 2e Vice-Président de la République Président
98%
Arabie Saoudite Premier ministre Roi
91%
Bahrein Premier ministre Roi
91%
Belgique Premier ministre Roi
91%
Bhoutan Premier ministre Roi
91%
Cambodge Premier ministre Roi
91%
Eswatini Premier ministre Roi
91%
Jordanie Premier ministre Roi
91%
Lesotho Premier ministre Roi
91%
Malaisie Premier ministre Roi
91%
Pays-Bas Premier ministre Roi
91%
Royaume-Uni Premier ministre Roi
91%
Suède Premier ministre Roi
91%
Thaïlande Premier ministre Roi
91%
Tonga Premier ministre Roi
91%
Albanie Président de la République Premier Ministre
82%
Antigua-et-Barbuda Roi du Royaume-Uni représenté par un gouverneur général Premier ministre
82%
Arménie Président de la République Premier ministre
82%
Australie Roi du Royaume-Uni représenté par un gouverneur général Premier ministre
82%
Bahamas Roi du Royaume-Uni représenté par un gouverneur général Premier ministre
82%
Barbade Président de la République Premier ministre
82%
Belize Roi du Royaume-Uni représenté par un gouverneur général Premier ministre
82%
Birmanie Président de la République Premier ministre
82%
Bulgarie Président de la République Premier ministre
82%
Burkina Faso Président de la République Premier ministre
82%
Canada Roi du Royaume-Uni représenté par un gouverneur général Premier ministre
82%
Centrafrique Président de la République Premier ministre
82%
Chine Président de la République Premier ministre
82%
Congo Président de la République Premier ministre
82%
Congo RD Président de la République Premier ministre
82%
Corée-du-Nord Chef suprême, président Premier ministre
82%
Côte d'ivoire Président de la République Premier ministre
82%
Egypte Président de la République Premier ministre
82%
Estonie Président de la République Premier ministre
82%
Ethiopie Président de la République Premier ministre
82%
Finlande Président de la République Premier ministre
82%
France Président de la République Premier ministre
82%
Gabon Président de la République Premier ministre
82%
Grèce Président de la République Premier ministre
82%
Grenade Roi du Royaume-Uni représenté par un gouverneur général Premier ministre
82%
Guinée Président de la République Premier ministre
82%
Guinée-Bissau Président de la République Premier ministre
82%
Haïti sans Premier ministre
82%
Irak Président de la République Premier ministre
82%
Irlande Président Premier ministre
82%
Jamaïque Roi du Royaume-Uni représenté par un gouverneur général Premier ministre
82%
Kazakhstan Président de la République Premier ministre
82%
Kirghizistan Président de la République Premier ministre
82%
Laos Président de la République Premier ministre
82%
Lettonie Président de la République Premier ministre
82%
Liban Président de la République Premier ministre
82%
Lituanie Président de la République Premier ministre
82%
Madagascar Président de la République Premier ministre
82%
Mali Président de la République Premier ministre
82%
Malte Président de la République Premier ministre
82%
Moldavie Président de la République Premier ministre
82%
Mongolie Président de la République Premier ministre
82%
Monténégro Président de la République Premier ministre
82%
Nambie Président de la République Premier ministre
82%
Népal Président de la République Premier ministre
82%
Nouvelle-Zélande Roi du Royaume-Uni représenté par un gouverneur général Premier ministre
82%
Ouganda Président de la République Premier ministre
82%
Ouzbékistan Président de la République Premier ministre
82%
Papouasie-Nouvelle Guinée Roi du Royaume-Uni représenté par un gouverneur général Premier ministre
82%
Pérou Président de la République Premier ministre
82%
Portugal Président de la République Premier ministre
82%
Rwanda Président de la République Premier ministre
82%
Saint-Christophe-et-Niévès Roi du Royaume-Uni représenté par un gouverneur général Premier ministre
82%
Saint-Vincent-et-les-Grenadines Roi du Royaume-Uni représenté par un gouverneur général Premier ministre
82%
Sainte-Lucie Roi du Royaume-Uni représenté par un gouverneur général Premier ministre
82%
Salomon Roi du Royaume-Uni représenté par un gouverneur général Premier ministre
82%
Sao Tome et Principe Président de la République Premier ministre
82%
Singapour Président de la République Premier ministre
82%
Somalie Président de la République Premier ministre
82%
Sri Lanka Président de la République Premier ministre
82%
Syrie Président de la République Premier ministre
82%
Tanzanie Président de la République Premier ministre
82%
Tchéquie Président de la République Premier ministre
82%
Timor oriental Président de la République Premier ministre
82%
Togo Président de la République Premier ministre
82%
Trinité-et-Tobago Président de la République Premier ministre
82%
Tuvalu Roi du Royaume-Uni représenté par un gouverneur général Premier ministre
82%
Vanuatu Président de la République Premier ministre
82%
Vietnam Président Premier ministre
82%
Brunéi Premier ministre Sultan
49%
Oman Premier ministre Sultan
49%
Japon Premier ministre Empereur
44%
Koweït Premier ministre Emir
40%
Qatar Premier ministre Emir
40%
Algérie Premier Ministre Président de la République
27%
Azerbaïdjan Premier ministre Président de la République
27%
Bangladesh Premier ministre Président de la République
27%
Burundi Premier ministre Président de la République
27%
Cameroun Premier ministre Président de la République
27%
Cap Vert Premier ministre Président de la République
27%
Chili sans Président de la République
27%
Corée-du-Sud Premier ministre Président de la République
27%
Costa Rica 1er Vice-Président de la République 2d Vice-Président de la République Président de la République
27%
Cuba Premier ministre Président de la République
27%
Djibouti Premier ministre Président de la République
27%
Fidji Premier ministre Président de la République
27%
Guinée équatoriale Premier ministre Président de la République
27%
Guyana Premier ministre Président de la République
27%
Honduras 1er Vice-Président de la République 2e Vice-Président de la République 3e Vice-Président de la République Président de la République
27%
Inde Premier ministre Président de la République
27%
Marshall sans Président de la République
27%
Maurice Premier ministre Président de la République
27%
Mauritanie Premier ministre Président de la République
27%
Mexique sans Président de la République
27%
Mozambique Premier ministre Président de la République
27%
Nauru sans Président de la République
27%
Pakistan Premier ministre Président de la République
27%
Sénégal sans Président de la République
27%
Soudan-du-Sud 5 Vice-Présidents de la République Président de la République
27%
Chypre Président de la République Vice-président
27%
Suriname Président Vice-Président
27%
Luxembourg Premier ministre Grand-duc
18%
Italie Président de la République Président du conseil
18%
Pologne Président de la République Président du conseil
18%
Autriche Président fédéral Chancelier fédéral
11%
Andorre Coprinces français et épiscopal Chef du gouvernement
9%
Liechtenstein Prince souverain Chef du gouvernement
9%
Maroc Roi Chef du gouvernement
9%
Tunisie Président de la République Chef du gouvernement
9%
Allemagne Chancelier fédéral Président fédéral
9%
Samoa Premier ministre Chef de l'Etat
4%
Argentine Président de la Nation Chef du cabinet
4%
Saint-Marin sans Capitaines-régents
2%
Iran Président de la République Guide de la Révolution
2%
Hongrie Président de la République Ministre-président
2%
Espagne Roi Président du gouvernement
2%
Macédoine Président de la République Président du gouvernement
2%
Serbie Président de la République Président du gouvernement
2%
Slovaquie Président de la République Président du gouvernement
2%
Slovénie Président de la République Président du gouvernement
2%
Afrique-du-Sud Président de la République Vice-président de la République
2%
Angola Président de la République Vice-président de la République
2%
Bénin Président de la République Vice-Président de la République
2%
Botswana Président de la République Vice-président de la République
2%
Colombie Président de la République Vice-Président de la République
2%
Equateur Président de la République Vice-Président de la République
2%
Gambie Président de la République Vice-Président de la République
2%
Ghana Président de la République Vice-Président de la République
2%
Guatemala Président de la République Vice-Président de la République
2%
Indonésie Président de la République Vice-Président de la République
2%
Kenya Président de la République Vice-Président de la République
2%
Kiribati Président de la République Vice-Président de la République
2%
Liberia Président de la République Vice-Président de la République
2%
Malawi Président de la République Vice-Président de la République
2%
Maldives Président de la République Vice-Président de la République
2%
Micronésie Président de la République Vice-Président de la République
2%
Nicaragua Président de la République Vice-Président de la République
2%
Nigéria Président de la République Vice-Président de la République
2%
Palaos Président de la République Vice-Président de la République
2%
Paraguay Président de la République Vice-Président de la République
2%
Philippine Président de la République Vice-Président de la République
2%
République dominicaine Premier ministre Vice-Président de la République
2%
Salvador Président de la République Vice-Président de la République
2%
Seychelles Président de la République Vice-Président de la République
2%
Turquie Président de la République Vice-Président de la République
2%
Uruguay Président de la République Vice-Président de la République
2%
Venezuela Président de la République Vice-Président de la République
2%
Zambie Président Vice-Président de la République
2%
Brésil Président de la République fédérative Vice-Président de la République fédérative
2%
Sierra Leone Président de la République Chief minister
0%
Afghanistan Premier Ministre Commandeur des Croyants
0%
Danemark Reine Ministre d'Etat
0%
Monaco Prince souverain Ministre d'Etat
0%
Erythrée sans Président de l'Etat
0%
Bolivie Vice-président de la République Président de l'Etat plurinational
0%
Comores sans Président de l'Union
0%
Bosnie-Herzégovine Président du conseil Président du collège présidentiel
0%
Soudan Premier ministre Président du conseil de souveraineté
0%
Tchad Premier ministre Président du conseil militaire
0%
Libye Premier ministre Président du conseil présidentiel
0%
Vatican Pape Président du Gouvernorat
0%
Suisse Président de la Confédération Vice-Président du conseil fédéral
0%
Aucun quiz correspondant
Distribution des résultats
% des personnes avec chaque résultat
Percentile par nombre de réponses
Votre historique - résultats
Vous n’avez pas pris ce quiz